Statistics for Country Capitals By Flag: Past

Click here to take the quiz!

General Stats

  • This quiz has been taken 5 times
  • The average score is 3 of 8

Answer Stats

Answer% Correct
Belgrade
80%
Delhi
60%
Lhasa
60%
Calcutta
40%
Vienna
40%
Gangtok
20%
Kilmis
20%
Königsberg
20%

Score Distribution

Percentile by Number Answered

Percent of People with Each Score

Your Score History

You have not taken this quiz